Central Library OPAC University of Rajshahi

An introduction to industrial mycology / (Record no. 55548)

MARC details
000 -LEADER
fixed length control field 00704cam a2200253 4500
001 - CONTROL NUMBER
control field 55548
003 - CONTROL NUMBER IDENTIFIER
rucl marc code BD-RjUL
005 - DATE AND TIME OF LATEST TRANSACTION
control field 20211209080300.0
008 - FIXED-LENGTH DATA ELEMENTS--GENERAL INFORMATION
fixed length control field 690730s1969 enkac b 001 0 eng
020 ## - INTERNATIONAL STANDARD BOOK NUMBER
International Standard Book Number 0713122080
035 ## - SYSTEM CONTROL NUMBER
System control number (BD-RjUL)55671
040 ## - CATALOGING SOURCE
Original cataloging agency DLC
Transcribing agency DLC
Modifying agency DLC
Language of cataloging eng
041 ## - LANGUAGE CODE
Language code of text/sound track or separate title eng
082 00 - DEWEY DECIMAL CLASSIFICATION NUMBER
Edition number 23
Classification number 660.62
Author mark and year SMI 1971
100 1# - MAIN ENTRY--PERSONAL NAME
Personal name Smith, George,
Dates associated with a name 1895-1967.
9 (RLIN) 165454
245 13 - TITLE STATEMENT
Title An introduction to industrial mycology /
Statement of responsibility, etc. G Smith
250 ## - EDITION STATEMENT
Edition statement 6th ed.
260 ## - PUBLICATION, DISTRIBUTION, ETC. (IMPRINT)
Place of publication, distribution, etc. London :
Name of publisher, distributor, etc. Edward Arnold,
Date of publication, distribution, etc. 1969 [Reprinted 1971 ]
300 ## - PHYSICAL DESCRIPTION
Pagination ix, 390 p. :
Illustrations illus. ;
Size 22 cm.
350 ## - PRICE (NR) (BK AM CF MU VM SE) [OBSOLETE]
Price 80/-
650 #0 - SUBJECT ADDED ENTRY--TOPICAL TERM
Topical term or geographic name as entry element Industrial microbiology.
9 (RLIN) 163466
942 ## - ADDED ENTRY ELEMENTS (KOHA)
Source of classification or shelving scheme Dewey Decimal Classification
Koha item type Books
Holdings
Lost status Source of classification or shelving scheme Damaged status Not for loan Collection code Permanent Location Current Location Shelving location Date acquired Source of acquisition Cost, normal purchase price Total Checkouts Full call number Date last seen Copy number Koha item type
  Dewey Decimal Classification     Non-fiction Central Library, University of Rajshahi Central Library, University of Rajshahi   05/06/1975 Zeitlinger 4.50   660.62 SMI 1971 20/11/2016 C-2 Books